|
|
|
|
| LEADER |
01139nam a2200277 a 4500 |
| 001 |
2085592 |
| 008 |
090819s1996 enk b 001 0 eng d |
| 010 |
|
|
|a 95000829
|
| 020 |
|
|
|a 9780521497220
|
| 020 |
|
|
|a 0521497221 (hardback)
|
| 020 |
|
|
|a 052149768X (pbk.)
|
| 020 |
|
|
|a 9780521497688
|
| 040 |
|
|
|a DLC
|c DLC
|d DLC
|
| 082 |
0 |
0 |
|a 428/.007
|2 20
|
| 245 |
0 |
0 |
|a Teachers as course developers /
|c edited by Kathleen Graves ; based on the accounts of Maria del Carmen Blyth ... [et al.]
|
| 260 |
|
|
|a Cambridge [England] ;
|a New York :
|b Cambridge University Press,
|c 1996.
|
| 300 |
|
|
|a x, 213 p. ;
|c 24 cm.
|
| 490 |
0 |
|
|a Cambridge language education
|
| 504 |
|
|
|a Includes bibliographical references and index.
|
| 541 |
1 |
|
|e 00015610
|
| 650 |
|
0 |
|a English language
|x Study and teaching
|x Foreign speakers
|x Curricula.
|
| 650 |
|
0 |
|a English teachers
|x Training of.
|
| 700 |
1 |
|
|a Graves, Kathleen.
|
| 852 |
4 |
|
|a Ayesha Abed Library
|j General shelf
|
| 999 |
|
|
|c 3290
|d 3290
|
| 952 |
|
|
|0 0
|1 0
|2 ddc
|4 0
|6 428_007000000000000_TEA_1996
|7 0
|9 2982
|a BRACUL
|b BRACUL
|c GEN
|d 2009-08-31
|g 2346.00
|l 4
|m 8
|o 428.007 TEA
|p 3010015610
|r 2016-08-09
|s 2016-07-27
|t 1
|w 2009-08-31
|y BK
|